| 000 | 00397nam a2200133Ia 4500 | ||
|---|---|---|---|
| 008 | 220217s9999||||xx |||||||||||||| ||und|| | ||
| 020 | _a9788131216408 | ||
| 082 | _a003.78 GRE | ||
| 100 | _aGreenlaw, Raymond and Hoover, James, H | ||
| 245 | 0 | _aFundamentals of theory of computation | |
| 260 |
_aMorgan kaufmann _bNew Delhi _c2011 |
||
| 300 |
_aXVI, 336p. _b325 |
||
| 650 | _aCOMPUTER SCIENCE | ||
| 999 |
_c184049 _d184049 |
||